000 01339nam a22002657a 4500
005 20170418151212.0
008 140714b xxu||||| |||| 00| 0 Urdu d
010 _aUR-166 B-548141-144 B-665959
020 _c400.00
035 _aU-166 B-548141-144 B-665959
037 _bBPPD/Publishers/Venders
037 _bK.K.Publications(Vend.)/Idara Kitab -ul-Shifa(Pub.)
040 _aDPL
_bUrdu
082 _a615.53
100 _aمو لف: و سيم ا حمد آ عظمی
245 _aمر کبا ت ا د و يہ: حصہ ا و ل
_cمو لف: و سيم ا حمد آ عظمی
246 _aMurakkabat-e- Advia Vol. 1
_bby Waseem Ahmed Aazmi
260 _bIdara Kitab-us- Shifa(Pub.)
_bK.K.P.( Vender)
260 _a4806/24,Bharat Ram Road,Dariya Gunj,New Delhi-2
270 _a2075-مسجد مز ا ر و ا لی،کو چہ چيلا ن ،د ر يا گنج،
_bنئ د ھلی
_e110002
_k9312273887
300 _a612ص
_c22Cm (Hb)
942 _2ddc
_cUR
_h615.53
_mا د و
999 _c87534
_d87534